Statistics for Dolly Parton Songs

Click here to take the quiz!

General Stats

  • This quiz has been taken 22 times
  • The average score is 7 of 27

Answer Stats

YearSongOther Featured Artist% Correct
1974Jolene
94%
1983Islands In The StreamKenny Rogers
89%
19819 To 5
83%
1974I Will Always Love You
78%
1977Here You Come Again
56%
1989Why'd You Come In Here Lookin' Like That
39%
1971Joshua
33%
1974Love Is Like A Butterfly
33%
1978Two Doors Down
33%
1991Rockin' YearsRicky Van Shelton
22%
1975The Bargain Store
22%
1984Tennessee Homesick Blues
17%
1980Old Flames Can't Hold A Candle To You
17%
2006When I get Where I'm GoingBrad Paisley
17%
1979Baby I'm Burning
11%
1989Yellow Roses
11%
1979You're The Only One
6%
1985Real LoveKenny Rogers
6%
1986Think About Love
6%
1987To Know Him Is To Love Him
6%
1978Heartbreaker
6%
1980Starting Over Again
6%
1981But I Know You Love Me
0%
1979I Really Got The Feeling
0%
1982Do I Ever Cross Your Mind
0%
1978It's All Wrong, But It's Alright
0%
1974Please Don't Stop Loving MePorter Wagoner
0%

Score Distribution

Percentile by Number Answered

Percent of People with Each Score

Your Score History

You have not taken this quiz